Migration as transnational leisure : the Japanese lifestyle migrants in Australia /

Bibliographic Details
Main Author: Nagatomo, Jun (Author)
Corporate Author: ebrary, Inc
Format: eBook
Language:English
Published: Leiden ; Boston : Brill, [2014]
Series:Social sciences in Asia ; volume 38.
Subjects:
Online Access:Connect to the full text of this electronic book

MARC

Tag First Indicator Second Indicator Subfields
LEADER 00000cam a2200000Ki 4500
001 in00003502021
006 m o d
007 cr cnu---unuuu
008 141203s2014 ne ob 001 0 eng d
005 20250816210556.1
020 |a 9789004283008  |q electronic bk. 
020 |a 9004283005  |q electronic bk. 
020 |z 9789004282995 
020 |z 9004282998 
024 8 |a 99969441596 
035 |a (NhCcYBP)ebr10992537 
040 |a NhCcYBP  |c NhCcYBP  |d UtOrBLW 
043 |a u-at---  |a a-ja--- 
050 4 |a HQ2044.J3  |b N35 2014 
072 7 |a SOC  |x 031000  |2 bisacsh 
072 7 |a SOC  |x 020000  |2 bisacsh 
082 0 4 |a 305.9/069120952  |2 23 
100 1 |a Nagatomo, Jun,  |e author.  |0 http://id.loc.gov/authorities/names/n2014060272 
245 1 0 |a Migration as transnational leisure :  |b the Japanese lifestyle migrants in Australia /  |c by Jun Nagatomo. 
264 1 |a Leiden ;  |a Boston :  |b Brill,  |c [2014] 
300 |a 1 online resource. 
336 |a text  |b txt  |2 rdacontent 
337 |a computer  |b c  |2 rdamedia 
338 |a online resource  |b cr  |2 rdacarrier 
490 1 |a Social sciences in Asia,  |x 1567-2794 ;  |v volume 38 
504 |a Includes bibliographical references and index. 
588 0 |a Print version record. 
500 |a Electronic resource. 
650 0 |a Lifestyles  |z Japan.  |0 http://id.loc.gov/authorities/subjects/sh2009129806 
650 0 |a Lifestyles  |z Australia. 
651 0 |a Japan  |x Emigration and immigration  |x Social aspects. 
651 0 |a Australia  |x Emigration and immigration  |x Social aspects. 
650 0 |a Japanese  |z Australia  |x Social conditions. 
650 0 |a Immigrants  |z Australia  |x Social conditions. 
655 7 |a Electronic books.  |2 local 
710 2 |a ebrary, Inc.  |0 http://id.loc.gov/authorities/names/no2007088509 
776 1 8 |i Print version:  |a Nagatomo, Jun.  |t Migration as transnational leisure  |z 9789004282995  |w (DLC) 2014037348 
830 0 |a Social sciences in Asia ;  |v volume 38.  |0 http://id.loc.gov/authorities/names/n2004090403 
856 4 1 |u https://ebookcentral.proquest.com/lib/tamucs/detail.action?docID=1877214  |y Connect to the full text of this electronic book  |t 0 
955 |a YBP purchased DDA e-records 
980 |b 142.50  |g 1 
987 |a ybp12188161 
999 f f |s 39fd2b83-1d45-31cd-9a00-46fe17703abf  |i 66d481b3-53ed-3149-bca7-63639b409e3b  |t 0 
952 f f |a Texas A&M University  |b College Station  |c Electronic Resources  |d Available Online  |t 0  |e HQ2044.J3 N35 2014  |h Library of Congress classification 
998 f f |a HQ2044.J3 N35 2014  |t 0  |l Available Online